书目信息 |
| 题名: |
水处理生物学
|
|
| 作者: | 顾夏声, , 胡洪营 , 文湘华 编著 | |
| 分册: | ||
| 出版信息: | 北京 中国建筑工业出版社 2006.05 |
|
| 页数: | 390页 | |
| 开本: | 24cm | |
| 丛书名: | ||
| 单 册: | ||
| 中图分类: | TU991.2 | |
| 科图分类: | ||
| 主题词: | 水处理--shui chu li--生物处理--高等教育--教材 | |
| 电子资源: | ||
| ISBN: | 7-112-08051-7 | |
| 000 | 01077nam0 2200289 450 | |
| 001 | 0961735352 | |
| 005 | 20110401100807.39 | |
| 010 | @a7-112-08051-7@dCNY35.00 | |
| 100 | @a20070820d2006 km y0chiy0120 ea | |
| 101 | 0 | @achi |
| 102 | @aCN@b110000 | |
| 105 | @aak a 000yy | |
| 200 | 1 | @a水处理生物学@Ashui chu li sheng wu xue@f顾夏声 ... [等] 编著@Fgu xia sheng...[deng]bian zhu |
| 205 | @a4版 | |
| 210 | @a北京@c中国建筑工业出版社@d2006.05 | |
| 215 | @a390页@c图@d24cm | |
| 300 | @a普通高等教育土建学科专业“十五”规划教材高等学校给水排水工程专业指导委员会规划推荐教材 | |
| 304 | @a题名页题 : 顾夏声, 胡洪营, 文湘华, 王慧等编著 | |
| 320 | @a有书目 (第388-390页)。 | |
| 330 | @a本书共分四篇17章,内容包括:水处理生物学基础、污染物的生物分解与转化、水质安全与生物监测、微生物学的研究方法。 | |
| 606 | 0 | @a水处理@Ashui chu li@x生物处理@x高等教育@j教材 |
| 690 | @aTU991.2@v4 | |
| 701 | 0 | @a顾夏声,@Agu xia sheng@f1918- @4编著 |
| 701 | 0 | @a胡洪营@Ahu hong ying@4编著 |
| 701 | 0 | @a文湘华@Awen xiang hua@4编著 |
| 801 | 0 | @aCN@c20110401 |
| 905 | @dTU991.2@eG510 | |
| 水处理生物学/顾夏声 ... [等] 编著.-4版.-北京:中国建筑工业出版社,2006.05 |
| 390页:图;24cm |
| 普通高等教育土建学科专业“十五”规划教材高等学校给水排水工程专业指导委员会规划推荐教材 |
| ISBN 7-112-08051-7:CNY35.00 |
| 本书共分四篇17章,内容包括:水处理生物学基础、污染物的生物分解与转化、水质安全与生物监测、微生物学的研究方法。 |
| ● |
| 相关链接 |
|
|
|
正题名:水处理生物学
索取号:TU991.2/G510
 
预约/预借
| 序号 | 登录号 | 条形码 | 馆藏地/架位号 | 状态 | 备注 |
| 1 | 464082 | 204640825 | 自科二线404/404自科库 19排3列3层/ [索取号:TU991.2/G510] | 在馆 | |
| 2 | 464083 | 204640834 | 建筑库201/201建筑库 131排1列4层/ [索取号:TU991.2/G510] | 在馆 | |
| 3 | 464084 | 204640843 | 建筑库201/201建筑库 131排1列4层/ [索取号:TU991.2/G510] | 在馆 | |
| 4 | 464085 | 204640852 | 市政与环境工程学院资料室/101建筑库 96排4列2层/ [索取号:TU991.2/G510] | 在馆 | |
| 5 | 464086 | 204640861 | 自科二线404/404自科库 23排1列5层/ [索取号:TU991.2/G510] | 在馆 | |
| 6 | 464087 | 204640870 | 自科二线404/101建筑库 96排4列2层/ [索取号:TU991.2/G510] | 在馆 | |
| 7 | 464088 | 204640889 | 自科二线404/404自科库 23排1列5层/ [索取号:TU991.2/G510] | 在馆 | |
| 8 | 464089 | 204640898 | 自科二线404/404自科库 19排3列3层/ [索取号:TU991.2/G510] | 在馆 | |
| 9 | 464090 | 204640905 | 建筑库201/201建筑库 131排1列4层/ [索取号:TU991.2/G510] | 在馆 | |
| 10 | 464935 | 204649354 | 自科二线404/404自科库 23排1列5层/ [索取号:TU991.2/G510] | 在馆 | |
| 11 | 469135 | 204691351 | 自科二线404/404自科库 23排3列6层/ [索取号:TU991.2/G510] | 在馆 |